000 01098cam a2200229 4500
001 L129592
008 050504n2005 000 0 eng u
020 _a010164972X
035 _a(Sirsi) u129592
041 _aeng
050 _a344.410465
_c18
110 _aHome Office
_91239
245 _aCorporate manslaughter
_bthe government's draft Bill for reform
260 _aNorwich
_bTSO
_c2005
490 _aCm
_v6497
520 _aThe government's draft Bill for reform has been published for comment by interested parties and the responses are due by 17 June 2005. The draft Bill would introduce a new offence for holding orgnisations to account due to failing by senior management which have had fatal consequences. The new offence would also apply to government departments and Crown bodies.
590 _aIKA070605
650 _aDRAFT CORPORATE MANSLAUGHTER BILL 2005
690 _aMANAGEMENT-HEALTH AND SAFETY
856 _uhttps://www.archive2.official-documents.co.uk/document/cm64/6497/6497.pdf
_zView the item free of charge at www.archive2.official-documents.co.uk
942 _n0
999 _c104244
_d104244